Протоколы собраний Группы центра Государственного Совета по вопросу об отношении к выборам в Государственную думу (об изменении ...

Доступно только в Электронных читальных залах Найти на картеНа карте
RUSMARC
00003852nac2a22002651x 450
001b479ecc0-92c2-4f08-b114-462b3634efb8
00520160419160906.0
100##$a20151226l19061906k y0rusy50 ca
1010#$arus
102##$aRU
105##$ay z |||||
1222#$ad19061008
$ad19061010
2001#$aПротоколы собраний Группы центра Государственного Совета по вопросу об отношении к выборам в Государственную думу (об изменении избирательного закона)
$j08-10 октября 1906
215##$a62 листа
251##$cДело
300##$aЛисты: 1, 27, 44а - обложки
300##$aРукописный и машинописный текст
330##$aВходит в раздел описи: 1. Программные документы, протоколы общих собраний, докладные записки, запросы и списки членов группы
461#0$100139b3a626-d0a0-47c3-aa28-5617d4973b79
$12001
$aГруппа центра Государственного совета
$1251
$cФонд
$1852
$j1178
462#0$1001048ab243-cffe-4e04-813f-03e83f42b87a
$12001
$aДела постоянного хранения
$vД. 5
$1251
$cОпись
$1852
$j1
60101$3RU\NLR\AUTH\889948591
$aРоссия
$bГосударственный совет
$bГруппа центра
60101$3RU\NLR\AUTH\8810039162
$aРоссия
$bГосударственная Дума
801#0$aRU
$bGA_RF
801#1$aRU
$bНПО Опыт
$c20151226
$2rusmarc
801#2$aRU
$bПБ им. Б.Н. Ельцина
$c20160419
$gRCR
$2rusmarc
852##$aГА РФ
$j5
937##$d71805732
$hПБ
035##$aRuPRLIB51035090
Формат отображения